Revue européenne des éléments finis /

A numerical procedure for reynolds stress transport equations í presented using a semi staggeered grid. the sýtem formed by the stress equations í sloved by point implicit method in order to preserve the so important couplings for numerical stability. The method is then applied for two differen...

Deskribapen osoa

Gorde:
Xehetasun bibliografikoak
Egile nagusia: Dhatt Gouri
Formatua: Liburua
Hizkuntza:Vietnamese
Argitaratua: American : Hermes , 1993
Edizioa:In lần thứ 1
Gaiak:
Etiketak: Etiketa erantsi
Etiketarik gabe, Izan zaitez lehena erregistro honi etiketa jartzen!
Thư viện lưu trữ: Thư viện Trường CĐ Kỹ Thuật Cao Thắng
LEADER 01257nam a2200253 a 4500
001 TVCDKTCT7593
003 Thư viện trường Cao đẳng Kỹ thuật Cao Thắng
005 20070622000000
008 070622
980 \ \ |a Thư viện Trường CĐ Kỹ Thuật Cao Thắng 
024 |a RG_1 #1 eb0 i1 i5 
041 0 # |a vie 
082 # # |a 621.38 /   |b G400U 
100 1 # |a Dhatt Gouri 
245 0 0 |a Revue européenne des éléments finis /  |c Dhatt Gouri 
250 # # |a In lần thứ 1 
260 # # |a American :  |b Hermes ,  |c 1993 
300 # # |a 134tr. ;  |c 23cm 
520 # # |a A numerical procedure for reynolds stress transport equations í presented using a semi staggeered grid. the sýtem formed by the stress equations í sloved by point implicit method in order to preserve the so important couplings for numerical stability. The method is then applied for two different turbulencce models to the prediction of the turbulent flow due to a rotating disk. the mean flow prediction are in good agreement with the experimental data, while for the turbulent field some discrepancies remain 
650 # 4 |a Finite volumes 
650 # 4 |a Turbulence model 
650 # 4 |a Rotating flow 
650 # 4 |a Numerical stability 
650 # 4 |a Semistaggered grid